A course in ordinary differential equations / (Record no. 592459)

000 -LEADER
fixed length control field 01943cam a2200337 a 4500
001 - CONTROL NUMBER
control field 14553050
005 - DATE AND TIME OF LATEST TRANSACTION
control field 20221122121846.0
008 - FIXED-LENGTH DATA ELEMENTS--GENERAL INFORMATION
fixed length control field 060915s2007 flua b 001 0 eng
010 ## - LIBRARY OF CONGRESS CONTROL NUMBER
LC control number 2006049297
020 ## - INTERNATIONAL STANDARD BOOK NUMBER
International Standard Book Number 1584884762 (alk. paper)
020 ## - INTERNATIONAL STANDARD BOOK NUMBER
International Standard Book Number 1420010417
020 ## - INTERNATIONAL STANDARD BOOK NUMBER
International Standard Book Number 9781584884767
035 ## - SYSTEM CONTROL NUMBER
System control number (OCoLC)ocm71552460
035 ## - SYSTEM CONTROL NUMBER
System control number (OCoLC)71552460
040 ## - CATALOGING SOURCE
Original cataloging agency DLC
Transcribing agency DLC
Modifying agency BAKER
-- C#P
-- YDXCP
-- DLC
050 00 - LIBRARY OF CONGRESS CALL NUMBER
Classification number QA372
Item number .S925 2007
082 00 - DEWEY DECIMAL CLASSIFICATION NUMBER
Classification number 515.352,SWI
Edition number 22
100 1# - MAIN ENTRY--PERSONAL NAME
Personal name Swift, Randall J.
9 (RLIN) 103328
245 12 - TITLE STATEMENT
Title A course in ordinary differential equations /
Statement of responsibility, etc. Randall J. Swift, Stephen A. Wirkus.
260 ## - PUBLICATION, DISTRIBUTION, ETC.
Place of publication, distribution, etc. Boca Raton, FL :
Name of publisher, distributor, etc. Chapman & Hall/CRC,
Date of publication, distribution, etc. c2007.
300 ## - PHYSICAL DESCRIPTION
Extent 667 p. :
Other physical details ill. ;
Dimensions 25 cm.
505 ## - FORMATTED CONTENTS NOTE
Formatted contents note Traditional First order differential equations (Page-1), Geometrical and Numerical Methods for First Order (Page-81), Elements of Higher Order Linear Equations (Page-153), Techniques of higher order linera equations (Page-201), Fundamentals of systems of defferential Equations (Page-287), Techniques of systems of differential equations (Page-353), Laplace Transforms (Page-427), Series Methods (Page-489), An Introduction to Matlab, Maple and Mathematica (Page-565), Graphing Factored Polynomianls (Page-585), Answer to Selected Exercises (Page-631).
650 #0 - SUBJECT ADDED ENTRY--TOPICAL TERM
Topical term or geographic name entry element Differential equations.
9 (RLIN) 688
650 #0 - SUBJECT ADDED ENTRY--TOPICAL TERM
Topical term or geographic name entry element Differential equations, Linear.
9 (RLIN) 10942
700 1# - ADDED ENTRY--PERSONAL NAME
Personal name Wirkus, Stephen Allen,
Dates associated with a name 1971-
9 (RLIN) 103329
856 41 - ELECTRONIC LOCATION AND ACCESS
Materials specified Table of contents only
Uniform Resource Identifier <a href="http://www.loc.gov/catdir/toc/fy0708/2006049297.html">http://www.loc.gov/catdir/toc/fy0708/2006049297.html</a>
856 42 - ELECTRONIC LOCATION AND ACCESS
Materials specified Publisher description
Uniform Resource Identifier <a href="http://www.loc.gov/catdir/enhancements/fy0668/2006049297-d.html">http://www.loc.gov/catdir/enhancements/fy0668/2006049297-d.html</a>
906 ## - LOCAL DATA ELEMENT F, LDF (RLIN)
a 7
b cbc
c orignew
d 1
e ocip
f 20
g y-gencatlg
942 ## - ADDED ENTRY ELEMENTS (KOHA)
Source of classification or shelving scheme
Koha item type Book
Call number prefix 515.352,SWI
Holdings
Withdrawn status Lost status Source of classification or shelving scheme Damaged status Not for loan Permanent Location Current Location Shelving location Date acquired Total Checkouts Full call number Barcode Date last seen Price effective from Koha item type Public note
          Military College of Signals (MCS) Military College of Signals (MCS) General Stacks 11/22/2022   515.352,SWI mcs33457 11/22/2022 11/22/2022 Book Almirah No.13, Shelf No.4
© 2023 Central Library, National University of Sciences and Technology. All Rights Reserved.